000 00782nam a22002177a 4500
999 _c17459
_d17459
003 AR-CdUCM
008 190508b ||||| |||| 00| 0 spa d
040 _aMUNICIPALIDAD PROVINCIAL DEL CUSCO
_cBIBLIOTECA MUNICIPAL DEL CUSCO
082 _a129.04 /
_bR81
100 _aRomero, Francisco
_910711
245 _aIdeas y figuras /
260 _aBuenos Aires :
_bLosada,
_c1949.
300 _a149 páginas ;
_c19 cm.
440 _aBiblioteca Contemporánea.
_927761
505 _aContenido: Otto Weininger -- Don Quijote y Fichte -- Un humanista de nuestro tiempo -- Jerusalem -- Notas sobre Harald Hoffding ...
650 _aFilosofía contemporánea
_936955
650 _aEuropa
_91221
650 _aLibertad política
_937492
942 _2ddc
_cLIBROS
945 _aachl
_d2019-05-08